Introduction to the theory of ferromagnetism
Αποθηκεύτηκε σε:
| Κύριος συγγραφέας: | |
|---|---|
| Μορφή: | Βιβλίο |
| Γλώσσα: | English |
| Δημοσίευση: |
Oxford : New York :
Clarendon Press ;, Oxford University Press,
c1996
|
| Σειρά: | International series of monographs on physics ;
; v. 93 |
| Θέματα: | |
| Ετικέτες: |
Προσθήκη ετικέτας
Δεν υπάρχουν, Καταχωρήστε ετικέτα πρώτοι!
|
MARC
| LEADER | 00000nam a2200000 i 4500 | ||
|---|---|---|---|
| 001 | 1/5319 | ||
| 008 | 000602s1996 eng d | ||
| 020 | |a 0-19-851791-2 | ||
| 035 | |l 10061541 | ||
| 040 | |a GR-MY-UA |b gre |e aacr | ||
| 041 | 0 | |a eng | |
| 082 | 0 | |a 538.44 |2 (20) | |
| 100 | 1 | |a Aharoni, Amikam. | |
| 245 | 1 | 0 | |a Introduction to the theory of ferromagnetism / |c Amikam Aharoni |
| 260 | |a Oxford : |a New York : |b Clarendon Press ;, |b Oxford University Press, |c c1996 | ||
| 300 | |a xi, 315 p.; |b ill.; |c 24 cm. | ||
| 490 | 1 | |a International series of monographs on physics |v ; v. 93 | |
| 504 | |a Includes bibliographical references (p. 266-299) and indexes | ||
| 650 | 0 | 0 | |a Ferromagnetism. |
| 830 | 0 | |a International series of monographs on physics ; |v ; v. 93 | |
| 852 | |a INST |b SAMOS |e 20000602 |h 538.44 AHA |p 005300017167 |q 005300017167 |t BK |y 0 | ||
| 901 | |a BIBL3-2000-2 | ||
| 909 | |a Σ |b 078787 | ||
| 922 | |a 3ΕΛΗ |b 200005 |c ΚΠΣ |d ΠΑΠΑΣΩΤΗΡΙΟΥ | ||
| 950 | |a 116-1999-12-31 | ||
| 970 | |a ΜΑΛΑΓΑΡΗ |b ΦΩΤΕΙΝΗ |z 2000/07/28 | ||